Filosofía 5 (Registro nro. 643)
[ vista simple ]
| 000 -CABECERA | |
|---|---|
| fixed length control field | 00650nam a2200241Ia 4500 |
| 003 - CONTROL NUMBER IDENTIFIER | |
| control field | AR-BeUNQ |
| 005 - FECHA Y HORA DE LA ULTIMA TRANSACCION | |
| control field | 20240429132006.0 |
| 008 - ELEMENTOS DE LONGITUD FIJA-INFORMACION GENERAL | |
| fixed length control field | 221202s9999 xx 000 0 und d |
| 020 ## - NUMERO INTERNACIONAL NORMALIZADO PARA LIBROS | |
| Número Internacional Normalizado del libro | 9789871417049 |
| 040 ## - FUENTE DE CATALOGACION | |
| Agencia de catalogación original | AR-BeUNQ |
| Idioma de catalogación | ESPAÑOL |
| Convenciones de la descripción | aacr |
| Agencia que realiza la transcripción | AR-BeUNQ |
| 100 ## - ASIENTO PRINCIPAL-NOMBRE PERSONAL | |
| Nombre personal | Raffin, Marcelo. |
| 245 #0 - MENCION DE TITULO | |
| Título | Filosofía 5 |
| 250 ## - MENCION DE EDICION | |
| Mención de edición | 1a ed. |
| 260 ## - PUBLICACION, DISTRIBUCION, ETC. | |
| Lugar de publicación, distribución, etc. | La Plata |
| Nombre del editor, distribuidor, etc. | DGCyE |
| Fecha de publicación, distribución, etc | 2007 |
| 300 ## - DESCRIPCION FISICA | |
| Extensión | 280 p. ; |
| Otros detalles físicos | il.; |
| Dimensiones | 20 x 28 cm |
| 490 ## - MENCION DE SERIE | |
| Mención de serie | Programa Textos Escolares para todos |
| 504 ## - NOTA DE BIBLIOGRAFIA, ETC. | |
| Nota de bibliografía, etc. | contiene bibliografia |
| 546 ## - NOTA DE IDIOMA | |
| Nota de idioma | Español |
| 653 ## - TERMINO DE INDIZACION - NO CONTROLADO | |
| Término de indización no controlado | Filosofía |
| 653 ## - TERMINO DE INDIZACION - NO CONTROLADO | |
| Término de indización no controlado | Filosofía |
| 929 ## - DATOS DE ADQUISICION | |
| Proveedor | DGCy E |
| Fecha de recibido | 2018 |
| Procedencia | DONACION |
| Patrimonio UNQ | PAT0081587 |
| Número de inventario | 59710 |
| 942 ## - ELEMENTOS DE PUNTO DE ACCESO ADICIONAL (KOHA) | |
| Tipo de ítem Koha | Libros |
| Suppress in OPAC | 0 |
| Estado de retiro | Estado de pérdida | Fecha de ingreso | Total Checkouts | Signatura topográfica completa | Inventario | Date last seen | Tipo de ítem Koha |
|---|---|---|---|---|---|---|---|
| 02/12/2022 | 110 RAF | 59710 | 02/12/2022 | Libros |